Bookhive's BCA bachelor of computer applications : (Record no. 60862)

MARC details
000 -LEADER
fixed length control field 00640nam a22001937a 4500
005 - DATE AND TIME OF LATEST TRANSACTION
control field 20181103144921.0
008 - FIXED-LENGTH DATA ELEMENTS--GENERAL INFORMATION
fixed length control field 120113t xxu||||| |||| 00| 0 eng d
020 ## - INTERNATIONAL STANDARD BOOK NUMBER
Terms of availability Rs 250.00
035 ## - SYSTEM CONTROL NUMBER
System control number B-229516,B-229514, B-229530
040 ## - CATALOGING SOURCE
Original cataloging agency DPL
Language of cataloging ENG
082 ## - DEWEY DECIMAL CLASSIFICATION NUMBER
Classification number 000
100 ## - MAIN ENTRY--PERSONAL NAME
Personal name Gulati, S. L.
9 (RLIN) 39158
245 ## - TITLE STATEMENT
Title Bookhive's BCA bachelor of computer applications :
Remainder of title entrance examination guide /
Statement of responsibility, etc by S. L. Gulati and Sanjay Kumar Sharma
250 ## - EDITION STATEMENT
Edition statement rev ed.
260 ## - PUBLICATION, DISTRIBUTION, ETC. (IMPRINT)
Place of publication, distribution, etc New Delhi
Name of publisher, distributor, etc Bookhive (India)
Date of publication, distribution, etc 2008
300 ## - PHYSICAL DESCRIPTION
Extent various pages
Other physical details 24x18 cm
700 ## - ADDED ENTRY--PERSONAL NAME
Personal name Sanjay Kumar Sharma
9 (RLIN) 39159
942 ## - ADDED ENTRY ELEMENTS (KOHA)
Source of classification or shelving scheme Dewey Decimal Classification
Item type English Books
Classification part 000
Call number suffix GUL
Holdings
Withdrawn status Lost status Source of classification or shelving scheme Damaged status Not for loan Collection code Home library Current library Shelving location Date acquired Cost, normal purchase price Total Checkouts Full call number Barcode Date last seen Cost, replacement price Koha item type Source of acquisition
    Dewey Decimal Classification     Non-fiction Diz Area Diz Area   25/07/2018 250.00   000 GUL B-229514 25/07/2018 250.00 English Books BPPD/PUB
Written off   Dewey Decimal Classification     Non-fiction Sarojini Nagar Sarojini Nagar General Stacks 13/01/2012 250.00   000 GUL B-229516 13/01/2012 250.00 English Books  
    Dewey Decimal Classification     Non-fiction Vigyan Vihar Vigyan Vihar   03/11/2018 250.00   000 GUL B-229530 03/11/2018 250.00 English Books BPPD/PUB

© Delhi Public Library
Hit Counter
free hit counter